[Event "Lansing (MI Inv/2)"]
[Site "?"]
[Date "1993.??.??"]
[Round "?"]
[White "Thompson, Dexter"]
[Black "Noren, Kevin"]
[Result "1/2-1/2"]
[WhiteElo "2285"]
[BlackElo "2275"]
[PlyCount "137"]
[EventDate "1993.??.??"]

1. e4 c5 2. c3 Nf6 3. e5 Nd5 4. d4 cxd4 5. cxd4 d6 6. Nf3 Nc6 7. Nc3 dxe5 8.
dxe5 Ndb4 9. a3 Qxd1+ 10. Kxd1 Na6 11. b4 Nc7 12. Nb5 Nxb5 13. Bxb5 Bd7 14. Bc4
O-O-O 15. Ke2 Bg4 16. Bb2 e6 17. Rac1 Kb8 18. Ke3 Be7 19. Bb5 Bxf3 20. gxf3 Rc8
21. Rhg1 g6 22. Rg4 a6 23. Bxc6 Rxc6 24. Rxc6 bxc6 25. Rc4 Kb7 26. Bd4 Rd8 27.
f4 Rd5 28. a4 a5 29. Bc5 Bd8 30. Bd6 Rd1 31. bxa5 Bxa5 32. Rc2 Bb6+ 33. Kf3
Rd3+ 34. Kg4 Bd8 35. Rb2+ Ka6 36. f3 h5+ 37. Kg3 Bb6 38. Rc2 Kb7 39. a5 Bxa5
40. Rb2+ Ka7 41. Rc2 Be1+ 42. Kh3 Rxf3+ 43. Kg2 Rc3 44. Ra2+ Kb6 45. Rb2+ Ka6
46. Ra2+ Kb5 47. Ra7 h4 48. Rxf7 h3+ 49. Kf1 Bd2 50. Ke2 Rc2 51. Kf3 Be1 52.
Rb7+ Kc4 53. Rb1 Ba5 54. Kg3 Rc3+ 55. Kg4 Kd5 56. Be7 Rd3 57. Rb7 Ke4 58. Ra7
Bd2 59. Ra6 Kd5 60. Ra7 Be3 61. Rd7+ Ke4 62. Rd6 c5 63. Rxe6 Bxf4 64. Bxc5 Bxh2
65. Rd6 Rg3+ 66. Kh4 g5+ 67. Kh5 Kxe5 68. Rd2 Rg2 69. Bd6+ 1/2-1/2

[Event "Eastpointe (MI Action/3/3)"]
[Site "?"]
[Date "1993.??.??"]
[Round "?"]
[White "Thompson, Dexter"]
[Black "Mailing, Ian"]
[Result "1-0"]
[WhiteElo "2235"]
[BlackElo "1970"]
[PlyCount "79"]
[EventDate "1993.??.??"]

{3/(3)} 1. e4 d6 2. d4 g6 3. Nc3 Bg7 4. f4 Nf6 5. Nf3 O-O 6. e5 dxe5 7. dxe5
Nh5 8. Be3 Nc6 9. Qxd8 Rxd8 10. Bc4 Bf5 11. O-O Bh6 12. Nh4 Nd4 13. Rf2 c6 14.
Rd1 Ne6 15. Nxf5 gxf5 16. Bxe6 Rxd1+ 17. Nxd1 fxe6 18. g3 Rd8 19. Nc3 b6 20.
Kf1 Ng7 21. a4 Ne8 22. a5 c5 23. Na4 Rd1+ 24. Ke2 Ra1 25. b3 b5 26. Nxc5 Rxa5
27. Nxe6 Ra2 28. Kd3 Kf7 29. Nd8+ Kg6 30. Nc6 e6 31. Nxa7 Nc7 32. c4 bxc4+ 33.
bxc4 Ra3+ 34. Kd2 Bf8 35. Nc6 Na6 36. Nd8 Bb4+ 37. Ke2 Nc7 38. Bb6 Ra2+ 39. Kf1
Ra1+ 40. Kg2 1-0

[Event "Eastpointe (EDO/3/2)"]
[Site "?"]
[Date "1993.??.??"]
[Round "?"]
[White "Thompson, Dexter"]
[Black "Levadi, David"]
[Result "1-0"]
[WhiteElo "2230"]
[BlackElo "1940"]
[PlyCount "41"]
[EventDate "1993.??.??"]

{3/(2)} 1. e4 Nc6 2. d4 e5 3. Nf3 exd4 4. c3 dxc3 5. Nxc3 Nf6 6. Bc4 Bb4 7. e5
Qe7 8. O-O Bxc3 9. exf6 Bxf6 10. Re1 Be5 11. Nxe5 Nxe5 12. Qe2 f6 13. f4 Qc5+
14. Kh1 d5 15. fxe5 Qxc4 16. Qh5+ Kd7 17. Qf7+ Kc6 18. exf6 Bd7 19. fxg7 Rhg8
20. Qf6+ Kb5 21. a4+ 1-0

[Event "East Lansing (MI Op/2/5)"]
[Site "?"]
[Date "1993.??.??"]
[Round "?"]
[White "Thompson, Dexter"]
[Black "Kulbacki, James"]
[Result "1-0"]
[WhiteElo "2265"]
[BlackElo "2035"]
[PlyCount "149"]
[EventDate "1993.??.??"]

{2/(5)} 1. e4 e6 2. d4 d5 3. e5 c5 4. c3 Qb6 5. Bd3 Bd7 6. dxc5 Bxc5 7. Qe2 a5
8. Nd2 Nc6 9. Ngf3 Nge7 10. Nb3 a4 11. Nxc5 Qxc5 12. Be3 Qa5 13. O-O Ng6 14.
Bg5 h6 15. Bd2 Qc7 16. Rfe1 O-O 17. g3 Na5 18. Rad1 Nc4 19. Bc1 Rac8 20. b3
axb3 21. axb3 Na5 22. Ba3 Rfe8 23. Bxg6 fxg6 24. Qc2 Qxc3 25. Qxc3 Rxc3 26. Nd4
Nxb3 27. Ne2 Rc2 28. Rb1 Nd2 29. Rxb7 Bc6 30. Rc7 Nf3+ 31. Kf1 Nxe1 32. Kxe1
Rb8 33. Kd1 Rc4 34. Kd2 Bb5 35. Bc5 Ba4 36. Nd4 Rb2+ 37. Kd3 Bc2+ 38. Ke3 Bf5
39. Rc8+ Kh7 40. Ba3 Rb3+ 41. Nxb3 Rxc8 42. Nc5 Ra8 43. Bc1 Ra2 44. Nb3 Kg8 45.
Nd4 Kf8 46. h4 Ke8 47. Kf3 Kd7 48. Be3 Kc8 49. Kg2 Kb7 50. Kf3 Ka6 51. g4 Be4+
52. Kf4 Ra4 53. Kg3 h5 54. Nxe6 Rc4 55. Nc5+ Rxc5 56. Bxc5 Kb5 57. Bf8 hxg4 58.
Kxg4 Kc6 59. f3 Bc2 60. e6 Bf5+ 61. Kg5 d4 62. Bxg7 d3 63. Bc3 Kd6 64. h5 Kxe6
65. hxg6 Bh3 66. f4 Bf5 67. g7 Bh7 68. Kh6 Bg8 69. Kg6 Kd5 70. Kf6 Ke4 71. Bd2
Kf3 72. Ke7 Ke2 73. Bb4 Kf3 74. f5 Kg4 75. f6 1-0

[Event "Eastpointe (EDO/1a/1)"]
[Site "?"]
[Date "1993.??.??"]
[Round "?"]
[White "Thompson, Dexter"]
[Black "Collins, Charles"]
[Result "1-0"]
[WhiteElo "2230"]
[BlackElo "1725"]
[PlyCount "49"]
[EventDate "1993.??.??"]

1. e4 Nf6 2. e5 Nd5 3. c4 Nb6 4. d4 d6 5. f4 dxe5 6. fxe5 Nc6 7. Be3 Bf5 8. Nc3
e6 9. Nf3 Be7 10. d5 Nb8 11. Nd4 O-O 12. Be2 Bg5 13. Qd2 Be7 14. O-O Bg6 15.
dxe6 c5 16. exf7+ Bxf7 17. Nf5 Nc6 18. Qxd8 Bxd8 19. Bxc5 Re8 20. Nd6 Re7 21.
Nxf7 Rxf7 22. Rxf7 Kxf7 23. Rf1+ Ke6 24. Bg4+ Kxe5 25. Rf5+ 1-0

[Event "Eastpointe (EDO/5/2)"]
[Site "?"]
[Date "1993.??.??"]
[Round "?"]
[White "Thompson, Dexter"]
[Black "Ball, Ed"]
[Result "1-0"]
[WhiteElo "2230"]
[BlackElo "2000"]
[PlyCount "107"]
[EventDate "1993.??.??"]

{5/(2)} 1. e4 c6 2. Nc3 g6 3. d4 Bg7 4. Bc4 b5 5. Bb3 a5 6. a3 d6 7. Bg5 Qb6 8.
Be3 Nd7 9. Qf3 f6 10. Nge2 Nf8 11. e5 Bd7 12. e6 Bc8 13. O-O Ba6 14. Rfd1 O-O-O
15. Nf4 f5 16. Ba2 Nf6 17. d5 c5 18. b4 Ne4 19. Nxe4 fxe4 20. Qxe4 Bxa1 21.
bxc5 dxc5 22. Rxa1 g5 23. Nd3 Ng6 24. Nxc5 Qd6 25. c4 Rhf8 26. Nxa6 Qxa6 27.
cxb5 Qb7 28. b6 Kb8 29. Bc4 Nf4 30. Rd1 Rf6 31. Qe5+ Ka8 32. Bxf4 Rxf4 33. Qc7
Qxc7 34. bxc7 Rc8 35. d6 exd6 36. Bd5+ Ka7 37. e7 Rf6 38. Re1 Kb6 39. e8=Q Rxe8
40. Rxe8 Kxc7 41. Re7+ Kb6 42. Rxh7 Kc5 43. Rf7 Rh6 44. Rf5 g4 45. Bf3+ Kd4 46.
Bxg4 Rh8 47. Rxa5 Re8 48. h4 Re1+ 49. Kh2 Kc4 50. h5 d5 51. h6 d4 52. h7 Re8
53. Be6+ Rxe6 54. h8=Q 1-0

[Event "Eastpointe (MI Action/4/3)"]
[Site "?"]
[Date "1993.??.??"]
[Round "?"]
[White "Thompson, Dexter"]
[Black "Bailey, Jason"]
[Result "1-0"]
[WhiteElo "2235"]
[BlackElo "1700"]
[PlyCount "47"]
[EventDate "1993.??.??"]

{4/(3)} 1. e4 e5 2. Nf3 Nf6 3. Nc3 Bb4 4. Bc4 O-O 5. Qe2 d6 6. h3 Nc6 7. O-O
Na5 8. Bb3 Nxb3 9. axb3 Nh5 10. d4 Nf4 11. Bxf4 exf4 12. Nd5 c5 13. Rfd1 Re8
14. c3 Ba5 15. dxc5 Bf5 16. Qb5 Bxe4 17. Qxa5 Bxf3 18. Qxd8 Raxd8 19. gxf3 Re2
20. cxd6 Kf8 21. Rxa7 Rxb2 22. Rxb7 g5 23. Nf6 Kg7 24. Ng4 1-0

[Event "Ann Arbor (HVA/1/4)"]
[Site "?"]
[Date "1993.??.??"]
[Round "?"]
[White "Thomas, Willie"]
[Black "Smith, Mike A"]
[Result "0-1"]
[WhiteElo "1605"]
[BlackElo "1905"]
[PlyCount "78"]
[EventDate "1993.??.??"]

{1/(4)} 1. e4 c6 2. d4 d5 3. Nc3 dxe4 4. Nxe4 Bf5 5. Ng3 Bg6 6. Nf3 Nd7 7. Bd3
Bxd3 8. Qxd3 Ngf6 9. Bg5 e6 10. O-O Bd6 11. Ne4 Be7 12. Bf4 Nxe4 13. Qxe4 Nf6
14. Qe2 O-O 15. c3 Bd6 16. Bxd6 Qxd6 17. Qe5 Qd5 18. Rfe1 Rfc8 19. Qg3 c5 20.
Re5 Qc4 21. Rxc5 Rxc5 22. dxc5 Qxc5 23. Qe5 Qxe5 24. Nxe5 Rd8 25. Nf3 Ne4 26.
Nd4 e5 27. Nb3 Nd2 28. h3 Nxb3 29. axb3 a6 30. Ra5 f6 31. Kf1 Rd2 32. Ra2 Kf7
33. Ke1 Rc2 34. Kf1 e4 35. Kg1 Ke6 36. Kh2 Rxf2 37. Kg3 Rf1 38. Ra4 f5 39. Rb4
b5 0-1

[Event "Ann Arbor (HVA/4/11)"]
[Site "?"]
[Date "1993.??.??"]
[Round "?"]
[White "Thomas, Willie"]
[Black "McCarter, Robert"]
[Result "0-1"]
[WhiteElo "1605"]
[BlackElo "1725"]
[PlyCount "70"]
[EventDate "1993.??.??"]

{4/(11)} 1. d4 d5 2. c4 e6 3. Nc3 c6 4. Nf3 Nf6 5. Bg5 dxc4 6. e4 b5 7. e5 h6
8. Bh4 g5 9. Nxg5 hxg5 10. Bxg5 Nbd7 11. exf6 Bh6 12. Bxh6 Rxh6 13. Qd2 Rxf6
14. Ne4 Rg6 15. Qf4 Nf6 16. Nxf6+ Rxf6 17. Qe3 Qa5+ 18. Qc3 Qxc3+ 19. bxc3 Bb7
20. Rd1 Rg6 21. f3 Rd8 22. Rg1 Rd5 23. Rd2 c5 24. dxc5 Rxd2 25. Kxd2 Bxf3 26.
Ke3 Bc6 27. g3 Rg5 28. Kd4 Rd5+ 29. Ke3 Rxc5 30. Bg2 Bxg2 31. Rxg2 Rd5 32. Rc2
Rd3+ 33. Kf4 f6 34. h4 Ke7 35. Kg4 f5+ 0-1

[Event "East Lansing (MI Op/3/30)"]
[Site "?"]
[Date "1993.??.??"]
[Round "?"]
[White "Thomas, Henry"]
[Black "Triplett, Thomas"]
[Result "0-1"]
[WhiteElo "1855"]
[BlackElo "1960"]
[PlyCount "59"]
[EventDate "1993.??.??"]

{3/(30)} 1. e4 c5 2. f4 g6 3. Nf3 Bg7 4. Bc4 e6 5. O-O Ne7 6. Nc3 O-O 7. d3
Nbc6 8. a3 d6 9. Qe1 a6 10. h3 b5 11. Ba2 b4 12. axb4 Nxb4 13. Qf2 Nxa2 14.
Rxa2 Qc7 15. g4 f5 16. gxf5 exf5 17. e5 Bb7 18. d4 cxd4 19. Qxd4 dxe5 20. fxe5
Rfd8 21. Qh4 Bxf3 22. Rxf3 Bxe5 23. Bg5 Re8 24. Bf4 Bxf4 25. Qxf4 Qxf4 26. Rxf4
Nc6 27. Rfa4 a5 28. Kf2 Nb4 29. R2a3 Nxc2 30. Ra2 0-1

[Event "East Lansing (MI Op/1b/11)"]
[Site "?"]
[Date "1993.??.??"]
[Round "?"]
[White "Thomas, Henry"]
[Black "LaMar, Frank"]
[Result "1/2-1/2"]
[WhiteElo "1855"]
[BlackElo "2085"]
[PlyCount "85"]
[EventDate "1993.??.??"]

1. e4 c5 2. f4 Nc6 3. Nf3 d6 4. Bc4 Bg4 5. Bxf7+ Kxf7 6. Ng5+ Ke8 7. Qxg4 Nf6
8. Qd1 h6 9. Ne6 Qd7 10. f5 Nd8 11. Nxd8 Kxd8 12. Nc3 d5 13. e5 d4 14. exf6
dxc3 15. fxg7 cxd2+ 16. Qxd2 Qxd2+ 17. Bxd2 Bxg7 18. O-O-O Ke8 19. g4 Kf7 20.
h4 Rad8 21. Be3 b6 22. c3 e6 23. fxe6+ Kxe6 24. Rde1 Kf7 25. Rhf1+ Kg6 26. Bd2
Rd7 27. Re6+ Kh7 28. g5 hxg5 29. hxg5 Rhd8 30. g6+ Kg8 31. Bg5 Rf8 32. Rxf8+
Bxf8 33. Re8 Kg7 34. Re6 b5 35. Ra6 c4 36. Be3 Bd6 37. Bd4+ Kg8 38. Rxa7 Rxa7
39. Bxa7 Kg7 40. b3 cxb3 41. axb3 Kxg6 42. Kd2 Kf6 43. Kd3 1/2-1/2

[Event "East Lansing (MOR/2/44)"]
[Site "?"]
[Date "1993.??.??"]
[Round "?"]
[White "Taylor, J."]
[Black "Williams, C."]
[Result "0-1"]
[WhiteElo "1605"]
[BlackElo "1605"]
[PlyCount "76"]
[EventDate "1993.??.??"]

{2/(44)} 1. e4 c5 2. Nf3 Nc6 3. Bc4 g6 4. d3 Bg7 5. Nc3 d6 6. Be3 a6 7. Ng5 e6
8. Qf3 Nf6 9. O-O-O Na5 10. Bf4 b5 11. Bb3 Nxb3+ 12. cxb3 e5 13. Be3 Bg4 14.
Qg3 Bxd1 15. Kxd1 h6 16. Nf3 Qa5 17. a3 b4 18. Nb1 Rb8 19. Nfd2 bxa3 20. bxa3
O-O 21. f4 Nh5 22. Qg4 Qb5 23. Ke2 Nf6 24. Qg3 Rfd8 25. f5 Kh7 26. Rf1 Nh5 27.
fxg6+ fxg6 28. Qh4 Rf8 29. Rxf8 Rxf8 30. g3 Qd7 31. Nc3 Bf6 32. Qxh5 gxh5 33.
Nd5 Bg5 34. Bxg5 hxg5 35. Nf3 Qg4 36. b4 Qxf3+ 37. Kd2 Qf2+ 38. Kc3 Qd4+ 0-1

[Event "East Lansing (MOR/4/53)"]
[Site "?"]
[Date "1993.??.??"]
[Round "?"]
[White "Taylor, J."]
[Black "Smalec, Joseph"]
[Result "1-0"]
[WhiteElo "1605"]
[BlackElo "1605"]
[PlyCount "81"]
[EventDate "1993.??.??"]

{4/(53)} 1. c4 e5 2. g3 Nc6 3. Nc3 Bc5 4. e4 Nf6 5. Nge2 Bb4 6. d3 Nd4 7. Bg2
O-O 8. Bd2 Ng4 9. a3 Bxc3 10. Bxc3 d6 11. Nxd4 exd4 12. Bxd4 Bd7 13. Bh3 Nf6
14. Bxd7 Qxd7 15. Bxf6 Qh3 16. Bd4 Qg2 17. Ke2 c5 18. Bc3 b6 19. Qf1 Qxf1+ 20.
Rhxf1 Rfe8 21. f4 h5 22. f5 f6 23. Rf4 g5 24. fxg6 Re7 25. Rxf6 Rg7 26. Rxd6
Rf7 27. gxf7+ Kxf7 28. Rf1+ Ke7 29. e5 Re8 30. Rff6 b5 31. e6 Kxd6 32. Ke3 bxc4
33. dxc4 a5 34. Rh6 a4 35. Bf6 Rxe6+ 36. Kf3 Kd7 37. Bg5 Re7 38. Bxe7 Kxe7 39.
Rxh5 Kf6 40. g4 Kg6 41. Kf4 1-0

[Event "Lansing (MI Am/3)"]
[Site "?"]
[Date "1993.??.??"]
[Round "?"]
[White "Taylor, J."]
[Black "Rosebrook, G."]
[Result "0-1"]
[WhiteElo "1605"]
[BlackElo "1605"]
[PlyCount "36"]
[EventDate "1993.??.??"]

1. e4 c5 2. Nf3 Nf6 3. Nc3 e6 4. d4 cxd4 5. Nxd4 a6 6. Be2 Bb4 7. Bd2 Bxc3 8.
Bxc3 Nxe4 9. Qd3 d5 10. f3 Qh4+ 11. g3 Nxg3 12. Rg1 Ne4+ 13. Rg3 Nxg3 14. hxg3
Qxg3+ 15. Kd1 Nd7 16. Kd2 Ne5 17. Qe3 Qh2 18. Nb3 Nc4+ 0-1

[Event "Lansing (MI Am/1)"]
[Site "?"]
[Date "1993.??.??"]
[Round "?"]
[White "Taylor, J."]
[Black "Golingai, P."]
[Result "0-1"]
[WhiteElo "1605"]
[BlackElo "1630"]
[PlyCount "66"]
[EventDate "1993.??.??"]

1. e4 e6 2. d4 d5 3. Nc3 Nf6 4. Bd3 c5 5. Be3 cxd4 6. Bxd4 Nc6 7. Bxf6 Qxf6 8.
exd5 exd5 9. Qe2+ Be7 10. Nxd5 Qd6 11. Nxe7 Nxe7 12. Nf3 O-O 13. O-O-O Qc5 14.
Rhe1 Be6 15. b3 Nc6 16. Bc4 Qa3+ 17. Kb1 Bxc4 18. Qxc4 Nb4 19. Rd4 Qxa2+ 20.
Kc1 Rac8 21. Kd2 Rxc4 22. Rxc4 Rd8+ 23. Nd4 Nc6 24. Re4 Qb2 25. Ke3 Nxd4 26.
Rexd4 Qc1+ 27. Kf3 Qg5 28. Rxd8+ Qxd8 29. g4 g6 30. Ra4 a6 31. Rb4 Qd2 32. c4
Qxb4 33. h4 Qxb3+ 0-1

[Event "East Lansing (MOR/7/40)"]
[Site "?"]
[Date "1993.??.??"]
[Round "?"]
[White "Taylor, J."]
[Black "Friedland, J."]
[Result "1-0"]
[WhiteElo "1605"]
[BlackElo "1605"]
[PlyCount "61"]
[EventDate "1993.??.??"]

{7/(40)} 1. c4 c5 2. g3 Nc6 3. Nc3 d6 4. Bg2 g6 5. e3 Bg7 6. Nge2 b6 7. Bxc6+
Bd7 8. Bxa8 Qxa8 9. Nd5 e6 10. Nc7+ Kd8 11. Nxa8 Bc6 12. O-O Bxa8 13. Rb1 Nf6
14. b4 Ne4 15. Qa4 Ng5 16. f3 Bxf3 17. Rxf3 Nxf3+ 18. Kg2 Ne5 19. bxc5 bxc5 20.
d4 cxd4 21. Nxd4 Nd7 22. Qxa7 Bxd4 23. exd4 Ke7 24. Rb6 Rd8 25. c5 Ke8 26. Rxd6
h5 27. c6 Nf8 28. Rxd8+ Kxd8 29. c7+ Kd7 30. Qb8 Ke7 31. Qd8# 1-0

[Event "East Lansing (MOR/5/46)"]
[Site "?"]
[Date "1993.??.??"]
[Round "?"]
[White "Taylor, J."]
[Black "Carne, L."]
[Result "0-1"]
[WhiteElo "1605"]
[BlackElo "1605"]
[PlyCount "78"]
[EventDate "1993.??.??"]

{5/(46)} 1. c4 g6 2. g3 d5 3. cxd5 Qxd5 4. Nf3 Nf6 5. Nc3 Qa5 6. Qa4+ Nc6 7.
Qxa5 Nxa5 8. Bg2 Bg7 9. d3 O-O 10. Bd2 Nc6 11. O-O Bg4 12. Be3 a6 13. h3 Bxf3
14. Bxf3 e5 15. Nd5 Nxd5 16. Bxd5 Ne7 17. Bf3 c6 18. a4 Nf5 19. Bb6 Nd4 20.
Bxd4 exd4 21. b4 Bh6 22. b5 axb5 23. axb5 Rxa1 24. Rxa1 cxb5 25. Bxb7 Rb8 26.
Bc6 b4 27. Rb1 b3 28. Kg2 b2 29. f4 Rc8 30. Bd5 Rb8 31. Kf3 Bf8 32. e3 dxe3 33.
Kxe3 Ba3 34. Ke4 Rc8 35. Bc4 Rb8 36. Ke5 Re8+ 37. Kf6 Re3 38. Bxf7+ Kf8 39. Rd1
Be7# 0-1

[Event "Lansing (MI Am/5)"]
[Site "?"]
[Date "1993.??.??"]
[Round "?"]
[White "Taylor, J."]
[Black "Banks, David"]
[Result "0-1"]
[WhiteElo "1605"]
[BlackElo "1605"]
[PlyCount "82"]
[EventDate "1993.??.??"]

1. e4 e5 2. Nf3 Nf6 3. Nxe5 Nxe4 4. Qe2 d5 5. d3 Qe7 6. dxe4 Qxe5 7. exd5 Qxe2+
8. Bxe2 c6 9. dxc6 Nxc6 10. Nc3 Nd4 11. Bd3 Bb4 12. Be3 Ne6 13. a3 Bxc3+ 14.
bxc3 O-O 15. O-O b6 16. Rfe1 Nc5 17. Bxc5 bxc5 18. Re5 Bd7 19. Rxc5 Rab8 20.
Rc7 Bb5 21. Bxb5 Rxb5 22. Rxa7 Rfb8 23. Rd1 Rb1 24. h3 Rxd1+ 25. Kh2 h6 26. c4
Rc1 27. c5 Rxc2 28. Rc7 Rxf2 29. c6 Rbb2 30. Rc8+ Kh7 31. Kg3 Rxg2+ 32. Kf4 g5+
33. Ke5 Rge2+ 34. Kd6 Rb6 35. Kd7 Rd2+ 36. Kc7 Ra6 37. Kb7 Rxa3 38. c7 Rb3+ 39.
Kc6 Rc3+ 40. Kb6 Rb2+ 41. Ka6 Ra3# 0-1

[Event "Troy (TCC/A/2/8)"]
[Site "?"]
[Date "1993.??.??"]
[Round "?"]
[White "Taylor, E."]
[Black "Sajkowski, D."]
[Result "1/2-1/2"]
[WhiteElo "1950"]
[BlackElo "1885"]
[PlyCount "38"]
[EventDate "1993.??.??"]

{2/(8)} 1. e4 e5 2. Nf3 Nf6 3. Nc3 Bb4 4. Bc4 Nc6 5. d3 d5 6. exd5 Nxd5 7. Bd2
Bxc3 8. bxc3 Bg4 9. Bb5 Qf6 10. Bxc6+ Qxc6 11. Nxe5 Bxd1 12. Nxc6 Bxc2 13. Ne5
O-O 14. O-O f6 15. Rac1 Ba4 16. Nf3 Rfe8 17. Rfe1 Rxe1+ 18. Rxe1 Re8 19. Rxe8+
Bxe8 1/2-1/2

[Event "East Lansing (MI Op/3/25)"]
[Site "?"]
[Date "1993.??.??"]
[Round "?"]
[White "Taylor, E."]
[Black "Pope, Nick"]
[Result "1/2-1/2"]
[WhiteElo "1950"]
[BlackElo "1805"]
[PlyCount "50"]
[EventDate "1993.??.??"]

{3/(25)} 1. e4 e5 2. Nf3 Nf6 3. d4 exd4 4. e5 Ne4 5. Qxd4 d5 6. exd6 Nxd6 7.
Nc3 Nc6 8. Qa4 Bd7 9. Be2 Be7 10. O-O O-O 11. Nd5 Re8 12. Nxe7+ Nxe7 13. Qa3
Ng6 14. Re1 Bb5 15. Bg5 Qd7 16. Bxb5 Rxe1+ 17. Rxe1 Qxb5 18. h3 h6 19. Bc1 a6
20. Qc3 Qc4 21. Qxc4 Nxc4 22. b3 Nd6 23. Kf1 Re8 24. Rxe8+ Nxe8 25. Bb2 f6
1/2-1/2

[Event "East Lansing (MI Op/7/21)"]
[Site "?"]
[Date "1993.??.??"]
[Round "?"]
[White "Taylor, E."]
[Black "Jarosz, Stan"]
[Result "0-1"]
[WhiteElo "1950"]
[BlackElo "2065"]
[PlyCount "68"]
[EventDate "1993.??.??"]

{7/(21)} 1. e4 e6 2. d4 d5 3. Nc3 Bb4 4. e5 c5 5. a3 Bxc3+ 6. bxc3 Ne7 7. Qg4
Qc7 8. Qxg7 Rg8 9. Qxh7 cxd4 10. Ne2 Nbc6 11. f4 Bd7 12. Bd2 dxc3 13. Nxc3 a6
14. Rb1 Na5 15. g3 Nc4 16. Bxc4 Qxc4 17. Rxb7 Rc8 18. Qd3 Qc6 19. Rb4 Nf5 20.
Rg1 Qc5 21. Kf1 Ke7 22. Qxa6 Ne3+ 23. Bxe3 Qxe3 24. Qd6+ Ke8 25. Rb7 Qf3+ 26.
Ke1 Qxc3+ 27. Kf1 Qf3+ 28. Ke1 Qe3+ 29. Kf1 Qc1+ 30. Kg2 Qxc2+ 31. Kh3 Rh8+ 32.
Kg4 Qe2+ 33. Kg5 Qh5+ 34. Kf6 Qg6# 0-1

[Event "Troy (TCC/A/4/6)"]
[Site "?"]
[Date "1993.??.??"]
[Round "?"]
[White "Taylor, E."]
[Black "Bauerle, Paul"]
[Result "0-1"]
[WhiteElo "1950"]
[BlackElo "1940"]
[PlyCount "86"]
[EventDate "1993.??.??"]

{4/(6)} 1. e4 e6 2. d4 d5 3. Nc3 Bb4 4. e5 c5 5. a3 Bxc3+ 6. bxc3 Qc7 7. Qg4 f6
8. Qg3 cxd4 9. cxd4 Nc6 10. Nf3 h5 11. Bd3 f5 12. O-O Qf7 13. Bg5 Nge7 14. h4
Bd7 15. Qf4 Ng6 16. Qd2 O-O 17. Rab1 Rab8 18. Rfe1 Nce7 19. Qa5 a6 20. Qc7 Bc6
21. Rb6 Rfd8 22. Rb2 Rbc8 23. Qa5 Rf8 24. Reb1 Qe8 25. Be2 f4 26. Ne1 Nxh4 27.
Bxh4 Nf5 28. Nf3 Qg6 29. Bd3 Qg4 30. Bxf5 Rxf5 31. Rxb7 Bxb7 32. Rxb7 Rxc2 33.
Rb8+ Kh7 34. Qd8 Rc3 35. Ng5+ Rxg5 36. Qxg5 Qd1+ 37. Kh2 Rc1 38. Qxf4 Qh1+ 39.
Kg3 Rc3+ 40. f3 Rc2 41. Qg5 Qxg2+ 42. Kf4 Qd2+ 43. Kg3 Qh2# 0-1

[Event "East Lansing (MI Op/1b/1)"]
[Site "?"]
[Date "1993.??.??"]
[Round "?"]
[White "Taylor, E."]
[Black "Basin, Leonid"]
[Result "0-1"]
[WhiteElo "1950"]
[BlackElo "2485"]
[PlyCount "90"]
[EventDate "1993.??.??"]

1. e4 c5 2. Nf3 Nc6 3. d4 cxd4 4. Nxd4 Nf6 5. Nc3 d6 6. Be3 g6 7. Qd2 Bg7 8. f3
O-O 9. O-O-O d5 10. Bh6 dxe4 11. Bxg7 Kxg7 12. Nxc6 Qxd2+ 13. Rxd2 bxc6 14.
Nxe4 Nxe4 15. fxe4 Be6 16. Be2 Kf6 17. Bf3 Ke5 18. g3 Rfd8 19. Rhd1 Rd6 20.
Rxd6 exd6 21. Rd3 c5 22. a3 a5 23. g4 g5 24. h4 gxh4 25. Be2 Rg8 26. Kd2 a4 27.
Rh3 h5 28. Rxh4 hxg4 29. Ke3 g3 30. Rh1 Rb8 31. Rb1 Ba2 32. Rg1 Rxb2 33. Rxg3
Rxc2 34. Rg5+ Kf6 35. Rf5+ Ke7 36. Bh5 Rc3+ 37. Kd2 Rxa3 38. e5 Be6 39. exd6+
Kxd6 40. Rf4 f5 41. Bg6 Ke5 42. Rf1 Rg3 43. Be8 a3 44. Rc1 Kd4 45. Rc2 Re3 0-1

[Event "East Lansing (MI Op/5/28)"]
[Site "?"]
[Date "1993.??.??"]
[Round "?"]
[White "Taylor, E."]
[Black "Anderson, JA."]
[Result "1-0"]
[WhiteElo "1950"]
[BlackElo "1835"]
[PlyCount "85"]
[EventDate "1993.??.??"]

{5/(28)} 1. e4 c5 2. Nf3 d6 3. d4 cxd4 4. Nxd4 Nf6 5. Nc3 g6 6. Be3 Bg7 7. f3
O-O 8. Qd2 Nc6 9. O-O-O Bd7 10. h4 Rc8 11. g4 h5 12. Nd5 hxg4 13. Nxf6+ Bxf6
14. Kb1 gxf3 15. Nxf3 Bg4 16. Be2 Bxf3 17. Bxf3 Ne5 18. Qg2 Qc7 19. c3 Nxf3 20.
Qxf3 Kg7 21. h5 Rh8 22. h6+ Kh7 23. Bd4 Rhg8 24. Bxf6 exf6 25. Qxf6 Rcd8 26.
Rd4 Rde8 27. Rf1 Re7 28. Rf4 b6 29. Rxd6 Qb7 30. Qd4 Qc7 31. Rf1 Qb7 32. Re1
Qc7 33. e5 Qb7 34. e6 fxe6 35. Rexe6 Qh1+ 36. Kc2 Rxe6 37. Rxe6 Kxh6 38. Qf4+
Kh7 39. Re2 Qd5 40. Rh2+ Kg7 41. Qc7+ Kf6 42. Rf2+ Kg5 43. Qf4+ 1-0

[Event "Flint (MI Jr/3)"]
[Site "?"]
[Date "1993.??.??"]
[Round "?"]
[White "Talarczyk, G."]
[Black "Simmons, M."]
[Result "1-0"]
[WhiteElo "1605"]
[BlackElo "1605"]
[PlyCount "47"]
[EventDate "1993.??.??"]

1. e4 e5 2. Nf3 Nc6 3. Nc3 Nf6 4. Bc4 Bc5 5. d3 d6 6. O-O O-O 7. Bg5 Nb4 8. a3
Nc6 9. Nd5 Nd4 10. b4 Ne6 11. bxc5 Nxc5 12. Nxf6+ gxf6 13. Bh6 Re8 14. Nh4 Ne6
15. Qg4+ Ng5 16. Nf5 a5 17. Qh5 Qe7 18. Nxe7+ Rxe7 19. Bxg5 fxg5 20. Qxg5+ Kf8
21. f4 b5 22. fxe5 Rxe5 23. Rxf7+ Ke8 24. Qg8# 1-0

[Event "Flint (Beg/4)"]
[Site "?"]
[Date "1993.??.??"]
[Round "?"]
[White "Talarczyk, G."]
[Black "Miller, M."]
[Result "1-0"]
[WhiteElo "1605"]
[BlackElo "1605"]
[PlyCount "115"]
[EventDate "1993.??.??"]

1. e4 e5 2. Nf3 d6 3. Nc3 Nf6 4. Bc4 Bg4 5. d3 Bxf3 6. Qxf3 h6 7. Nd5 Nxd5 8.
Bxd5 Qf6 9. Qxf6 gxf6 10. Bxb7 Rg8 11. O-O d5 12. Bxa8 dxe4 13. Bxe4 Bc5 14.
Bxh6 Na6 15. Be3 Bxe3 16. fxe3 Ke7 17. Rf5 Nb4 18. c3 Nc2 19. Raf1 Nxe3 20.
R1f2 Nxf5 21. Rxf5 c5 22. d4 cxd4 23. cxd4 exd4 24. Ra5 Rg4 25. Bd3 a6 26. Rxa6
Rg5 27. b4 f5 28. Ra5 f6 29. Bxf5 Kd6 30. h4 Rg3 31. h5 d3 32. Bxd3 Rxd3 33. h6
Kc6 34. h7 Rd8 35. Rh5 Rh8 36. Kf2 f5 37. Kf3 Kb5 38. Rxf5+ Kxb4 39. Rf7 Ka3
40. Kf4 Kxa2 41. Kf5 Kb3 42. Kf6 Kc4 43. Kg7 Rxh7+ 44. Kxh7 Kd5 45. Kg7 Ke6 46.
Kf8 Ke5 47. g3 Ke6 48. g4 Ke5 49. g5 Ke6 50. g6 Kd6 51. g7 Kc5 52. g8=Q Kc6 53.
Qg6+ Kd5 54. Rf5+ Ke4 55. Qg4+ Ke3 56. Rf3+ Ke2 57. Qg2+ Ke1 58. Rf1# 1-0

[Event "Flint (MI Jr/1)"]
[Site "?"]
[Date "1993.??.??"]
[Round "?"]
[White "Talarczyk, G."]
[Black "Mannor, Keith"]
[Result "0-1"]
[WhiteElo "1605"]
[BlackElo "1605"]
[PlyCount "60"]
[EventDate "1993.??.??"]

1. e4 e5 2. Nf3 Nc6 3. Nc3 Bc5 4. Bc4 d6 5. d3 Bg4 6. O-O Nd4 7. Bg5 f6 8. Be3
Bxf3 9. gxf3 Ne7 10. f4 g6 11. Nd5 Nxd5 12. Bxd5 c6 13. Bc4 Qd7 14. c3 Ne6 15.
Bxc5 Nxc5 16. fxe5 fxe5 17. f4 O-O-O 18. b4 Ne6 19. fxe5 dxe5 20. Qb3 Ng5 21.
Rf7 Qg4+ 22. Kh1 Rhf8 23. Raf1 Rxf7 24. Rxf7 Kb8 25. Rf1 Qe2 26. Qd1 Qxd1 27.
Rxd1 Rf8 28. a4 Rf2 29. d4 Nf3 30. Rf1 Rxh2# 0-1

[Event "Flint (Beg/2)"]
[Site "?"]
[Date "1993.??.??"]
[Round "?"]
[White "Talarczyk, G."]
[Black "Etienne, T."]
[Result "0-1"]
[WhiteElo "1605"]
[BlackElo "1605"]
[PlyCount "74"]
[EventDate "1993.??.??"]

1. e4 c6 2. Nc3 d5 3. Bd3 d4 4. Nce2 e5 5. c3 c5 6. Nf3 Nc6 7. Bb5 Bd6 8. d3
Bd7 9. Qb3 Nf6 10. Ng5 O-O 11. Bc4 Qe7 12. Nxf7 Rxf7 13. Bxf7+ Qxf7 14. Qxf7+
Kxf7 15. c4 Nb4 16. O-O Nxd3 17. Bd2 Nxb2 18. Ng3 Nxc4 19. Rad1 Bb5 20. Rfe1 a6
21. Nf5 Bc7 22. g4 Nxd2 23. Nd6+ Ke6 24. Nxb7 Nf3+ 25. Kg2 Nxe1+ 26. Rxe1 Bc6
27. Nxc5+ Kd6 28. g5 Kxc5 29. gxf6 gxf6 30. Rc1+ Kd6 31. h4 Bxe4+ 32. Kg3 Rg8+
33. Kh3 Bf5+ 34. Kh2 e4 35. Rg1 Kd5+ 36. Kh1 Bg4 37. a4 Bf3+ 0-1

[Event "East Lansing (MI Op/1a/18)"]
[Site "?"]
[Date "1993.??.??"]
[Round "?"]
[White "Taborsky, M."]
[Black "Malumphy, Joseph"]
[Result "0-1"]
[WhiteElo "1605"]
[BlackElo "1980"]
[PlyCount "76"]
[EventDate "1993.??.??"]

1. e4 d6 2. f4 Nf6 3. Nc3 g6 4. Nf3 Bg7 5. Bc4 c6 6. O-O b5 7. Bb3 b4 8. e5
bxc3 9. exf6 Bxf6 10. bxc3 O-O 11. d4 Na6 12. Rb1 Qc7 13. Qe2 Nb8 14. Ng5 d5
15. Qe3 a5 16. a4 Bf5 17. h3 h5 18. Nf3 Nd7 19. Ne5 Bg7 20. Ba3 Rfe8 21. Rf2
Nf6 22. c4 e6 23. cxd5 cxd5 24. Re1 Rec8 25. c4 Ne4 26. Rf3 f6 27. g4 fxe5 28.
gxf5 exd4 29. Qe2 exf5 30. cxd5 Kh7 31. d6 Nxd6 32. Rg3 Ne4 33. Rxg6 Kxg6 34.
Qg2+ Kh7 35. Rxe4 fxe4 36. f5 Qc6 37. Be6 Qc1+ 38. Bxc1 Rxc1+ 0-1